Components of Business Model - Strategic Perspectives of Business Marketing diplomová práca

Gespeichert in:
Bibliographische Detailangaben
1. Verfasser: Hrćan, Nađa
Körperschaft: Obchodná fakulta EU. Katedra marketingu
Weitere Verfasser: Oreský, Milan, 1956-
Format: Buch
Sprache:Englisch
Veröffentlicht: Bratislava 2025
Tags: Tag hinzufügen
Keine Tags, Fügen Sie das erste Tag hinzu!

MARC

LEADER 00000nbm a2200000 4500
001 0310266
005 20260311081938.2
041 0 |a eng 
044 |a SK 
245 1 0 |a Components of Business Model - Strategic Perspectives of Business Marketing  |b diplomová práca  |c Nađa Hrćan ; školiteľ: Milan Oreský 
264 1 |a Bratislava  |c 2025 
300 |a 67 s. 
100 1 |a Hrćan, Nađa 
700 1 |a Oreský, Milan, 1956- 
710 2 |a Obchodná fakulta EU. Katedra marketingu